000 00527nam a2200133Ia 4500
008 100328s9999 xx 000 0 und d
082 _b30048
100 _aलेले रा.के.
245 _aहात फिरे तिथे लक्ष्मी फिरे
260 _bकुलकर्णी ग्रंथागार
630 _aहात फिरे तिथे लक्ष्मी फिरे
730 _aहात फिरे तिथे लक्ष्मी फिरे
942 _cBOOK
999 _c521036
_d521033